[Event "BUL-ch sf"]
[Site "Sofia"]
[Date "1992.??.??"]
[Round "4"]
[White "Kurtenkov, Atanas"]
[Black "Angelov, Angel"]
[Result "0-1"]
[WhiteElo "2385"]
[BlackElo "2290"]

1.d4 Nf6 2.Bg5 e6 3.Nd2 Be7 4.e4 O-O 5.Ngf3 b6 6.Bd3 Bb7 7.Qe2 c5 8.c3 cxd4
9.cxd4 Nc6 10.a3 Nh5 11.Bxe7 Qxe7 12.Qe3 Rac8 13.O-O f5 14.e5 g5 15.Nxg5 Nxd4
16.Nxh7 Qxh7 17.Qxd4 Qg7 18.f3 Rc5 19.Rfe1 Rd5 20.Qe3 Rxd3 21.Qxd3 Nf4 22.Qf1 Ba6  0-1

[Event "St Petersburg op"]
[Site "St Petersburg"]
[Date "1992.??.??"]
[Round "?"]
[White "Popov, Yuri N"]
[Black "Lugovoi, Aleksei"]
[Result "0-1"]
[WhiteElo "2410"]
[BlackElo "2315"]

1.d4 Nf6 2.Bg5 e6 3.Nd2 h6 4.Bh4 Nc6 5.c3 g5 6.Bg3 Nh5 7.e4 Nxg3 8.hxg3 Bg7
9.Bd3 d6 10.Qf3 Bd7 11.Ne2 Qe7 12.g4 Rf8 13.O-O O-O-O 14.Ng3 f6 15.Nc4 Qf7
16.d5 Ne5 17.Nxe5 fxe5 18.Qxf7 Rxf7 19.f3 c6 20.Bc4 exd5 21.exd5 Rff8 22.Bb3 Kc7
23.Rfd1 Bf6 24.Kf2 Be7 25.Ke3 Bf6 26.a4 a5 27.Bc2 cxd5 28.Rxd5 Bc6 29.Rd2 d5
30.Nf5 d4+ 31.cxd4 exd4+ 32.Kf2 d3 33.Bxd3 Bxb2 34.Rxb2 Rxd3 35.Nxh6 Rf4
36.Rc2 Kb6 37.Nf5 Bxa4 38.Rca2 Kb5 39.Ke2 Rd8 40.Ng3 Rc4 41.Ne4 Rc2+ 42.Rxc2 Bxc2
43.Nxg5 Kb4 44.Rc1 Kc3 45.Ne4+ Kb2 46.Rh1 a4 47.Rh5 Bd3+ 48.Ke3 b5 49.Nc5 Bc4
50.Nxa4+ bxa4 51.Ra5 a3 52.g5 a2 53.g4 Rd3+  0-1

[Event "Rilton Cup"]
[Site "Stockholm"]
[Date "1992.??.??"]
[Round "9"]
[White "Hillarp Persson, Tiger"]
[Black "Astrom, Goran"]
[Result "0-1"]
[WhiteElo "2300"]
[BlackElo "2290"]

1.d4 Nf6 2.Bg5 e6 3.e4 h6 4.Bxf6 Qxf6 5.Nc3 d6 6.Qd2 Nd7 7.O-O-O c6 8.g3 e5
9.d5 Be7 10.Bh3 O-O 11.f4 exf4 12.Bxd7 Bxd7 13.gxf4 Bd8 14.Nge2 Ba5 15.Rhg1 cxd5
16.Kb1 Bxc3 17.Nxc3 dxe4 18.Nd5 Qd8 19.Qd4 f6 20.Qxe4 f5 21.Qg2 Rf7 22.Qg6 Qh4
23.Qxd6 Bc6 24.Nc7 Rc8 25.Ne6 Re8 26.Rd3 Qf6 27.Nc5 Qxd6 28.Rxd6 Rfe7 29.b4 Re1+
30.Rxe1 Rxe1+ 31.Kb2 Kf7 32.a4 g5 33.fxg5 hxg5 34.Nxb7 Bxb7 35.Rd7+ Re7 36.Rxe7+ Kxe7
37.c4 f4 38.Kc3 g4 39.Kd3 Kd6 40.c5+ Kd5 41.b5 Kxc5  0-1

[Event "FRA-ch"]
[Site "Strasbourg"]
[Date "1992.??.??"]
[Round "7"]
[White "Seret, Jean Luc"]
[Black "Cerisier, Philippe"]
[Result "0-1"]
[WhiteElo "2420"]
[BlackElo "2315"]

1.d4 Nf6 2.Bg5 e6 3.e4 h6 4.Bxf6 Qxf6 5.Nc3 d6 6.Qd2 Nd7 7.f4 a6 8.Nf3 b6
9.Bd3 g5 10.fxg5 hxg5 11.e5 Qe7 12.Be4 Ra7 13.Qxg5 dxe5 14.Qd2 Bh6 15.Qf2 Qf6
16.Bc6 exd4 17.Ne4 Qf4 18.Qxd4 Qe3+ 19.Qxe3 Bxe3 20.Rd1 Ke7 21.Rd3 Bf4 22.g3 Ne5
23.gxf4 Nxc6 24.O-O Nb4 25.Rd2 Rg8+ 26.Ng3 c5 27.a3 Nd5 28.Ne5 Rc7 29.c4 Ne3
30.Re1 Nf5 31.Kf2 Nd4 32.b4 Bb7 33.bxc5 bxc5 34.Rb2 Rh8 35.Ke3 Rh3 36.Rg1 f6
37.Nd3 Nf5+ 38.Kd2 Rxh2+ 39.Kc3 Nxg3 40.Rxg3 Rxb2 41.Kxb2 Be4 42.Nf2 Bf5
43.Rb3 Rd7 44.Kc3 Rd4 45.Rb7+ Kd8 46.Ra7 Rxf4 47.Nd1 Rf3+ 48.Kb2 Rd3 49.Nc3 Rd2+
50.Kb3 Bc2+ 51.Kb2 Ba4+ 52.Ka1 Bb3 53.Rxa6 Bxc4 54.Ra5 Bd3 55.Rxc5 Rc2 56.a4 f5
57.a5 f4 58.Na4 f3 59.a6 f2  0-1

[Event "Ticino op"]
[Site "Ticino"]
[Date "1992.??.??"]
[Round "5"]
[White "Legky, Nikolay A"]
[Black "Foisor, Ovidiu"]
[Result "1-0"]
[WhiteElo "2445"]
[BlackElo "2425"]

1.d4 Nf6 2.Bg5 e6 3.Nd2 h6 4.Bh4 d5 5.e3 c5 6.c3 Nc6 7.Ngf3 Be7 8.Bd3 Nh5
9.Bxe7 Qxe7 10.Ne5 Nf6 11.f4 Bd7 12.O-O O-O-O 13.a3 Rdf8 14.b4 c4 15.Bc2 Nxe5
16.dxe5 Ne8 17.e4 Nc7 18.Qe2 Kb8 19.Nf3 Rd8 20.Nd4 Nb5 21.Nxb5 Bxb5 22.exd5 Rxd5
23.Be4 Rdd8 24.a4 Bd7 25.Rfd1 Rc8 26.Rd6 f6 27.a5 fxe5 28.fxe5 Rc7 29.a6 bxa6
30.Raxa6 Rf8 31.b5 Rc5 32.Rxa7 Kxa7 33.Qa2+ Kb8 34.Qa8+ Kc7 35.b6+  1-0

[Event "Viernheim"]
[Site "Viernheim"]
[Date "1992.??.??"]
[Round "6"]
[White "Rausis, Igors"]
[Black "Vatter, Hans Joachim"]
[Result "1-0"]
[WhiteElo "2490"]
[BlackElo "2300"]

1.d4 Nf6 2.Bg5 e6 3.Nd2 h6 4.Bh4 c5 5.c3 d5 6.e3 Nbd7 7.f4 Be7 8.Bd3 b6 9.Nh3 Bb7
10.O-O Ne4 11.Bxe7 Qxe7 12.Nxe4 dxe4 13.Bb5 O-O 14.Bxd7 Qxd7 15.dxc5 Qb5
16.Rf2 Qxc5 17.Qe1 Rfd8 18.Rd2 Rd3 19.Rad1 Rxe3 20.Qf2 Ba6 21.c4 Rd3 22.Rxd3 Qxf2+
23.Nxf2 exd3 24.b3 Rd8 25.Rxd3 Rxd3 26.Nxd3 Kf8 27.Kf2 Ke7 28.Ke3 f6 29.Kd4 Kd6
30.b4 Bb7 31.g3 Bf3 32.Nf2 Bg2 33.h4 Bf3 34.Nd3 Be2 35.Nb2 Bf3 36.Na4 Be2
37.Nb2 Bf1 38.Nd1 Be2 39.Ne3 Bf3 40.Nc2 Bg2 41.Na3 Bc6 42.Nb1 Bd7 43.Nc3 Bc6
44.a3 Be8 45.Ne4+ Kc7 46.c5 Bc6 47.Nd6 Ba4 48.Kc4 bxc5 49.Kxc5 Kd7 50.Nb5 Bxb5
51.Kxb5 Kd6 52.Ka6 e5 53.fxe5+ fxe5 54.Kxa7 e4 55.b5 e3 56.b6 e2 57.b7 e1=Q
58.b8=Q+ Kd7 59.Qb5+ Kd8 60.Qb6+ Kd7 61.Qd4+ Kc6 62.Qc4+ Kd7 63.Qf7+ Kc6
64.Qb7+ Kc5 65.Qxg7 Qa5+ 66.Kb7 Qb6+ 67.Kc8 Qe6+ 68.Kd8 Qd6+ 69.Ke8 Qc6+
70.Kf7 Qd7+ 71.Kg8 Qe6+ 72.Kh7 Qf5+ 73.Qg6 Qd7+ 74.Kxh6  1-0

[Event "Viernheim"]
[Site "Viernheim"]
[Date "1992.??.??"]
[Round "10"]
[White "Rausis, Igors"]
[Black "Schmitt, Christian"]
[Result "1-0"]
[WhiteElo "2490"]
[BlackElo "2265"]

1.d4 Nf6 2.Bg5 e6 3.Nd2 d5 4.c3 h6 5.Bh4 c5 6.e3 Qb6 7.Qb3 Nc6 8.Be2 Bd7
9.Ngf3 Na5 10.Qc2 Rc8 11.O-O Be7 12.Rad1 cxd4 13.exd4 O-O 14.Rfe1 Bb5 15.Bxb5 Qxb5
16.Ne5 Qe8 17.f4 Nd7 18.Nxd7 Qxd7 19.Bxe7 Qxe7 20.f5 Qf6 21.Qa4 Nc6 22.fxe6 fxe6
23.Nf3 a6 24.Qc2 b5 25.Qe2 Rce8 26.Rd3 e5 27.Nxe5 Nxe5 28.Re3 Nf3+ 29.Qxf3 Qxf3
30.gxf3 Rb8 31.a3 a5 32.Kg2 b4 33.axb4 axb4 34.Re5 bxc3 35.bxc3 Rb3 36.R1e3 Rc8
37.Rxd5 Rbxc3 38.Rxc3 Rxc3 39.Rd7 Kf8 40.Kg3 Rd3 41.Kf4 Rd2 42.h4 Rh2 43.Kg4 Rg2+
44.Kf5 Rh2 45.Ke6 Re2+ 46.Kf5 Rh2 47.Kg4 Rg2+ 48.Kf4 Rh2 49.Kg3 Rd2 50.h5 Rd1
51.Kg4 Rg1+ 52.Kf5 Rh1 53.Kg4 Rg1+ 54.Kf5 Rh1 55.d5 Re1 56.Rb7 Rd1 57.Rb5 Rd3
58.f4 Rd1 59.Ke6 Re1+ 60.Kd7 Re4 61.d6 Rxf4 62.Kd8  1-0

[Event "Andorra op"]
[Site "Andorra"]
[Date "1993.??.??"]
[Round "2"]
[White "Rausis, Igors"]
[Black "Gomez, J."]
[Result "1-0"]
[WhiteElo "2575"]
[BlackElo "2225"]

1.d4 Nf6 2.Bg5 e6 3.Nd2 h6 4.Bh4 d6 5.e4 Nbd7 6.Bd3 Be7 7.Ngf3 g5 8.Bg3 Nh5
9.Qe2 a6 10.O-O-O b5 11.d5 e5 12.Nb3 g4 13.Nfd2 Nc5 14.Nxc5 Nxg3 15.hxg3 dxc5
16.c3 c4 17.Bc2 h5 18.Nf1 Qd6 19.Kb1 Bd7 20.Ne3 O-O-O 21.Nf5 Bxf5 22.exf5 Bf6
23.Be4 Qc5 24.Rh2 h4 25.gxh4 Rxh4 26.Rxh4 Bxh4 27.g3 Bf6 28.Rf1 Rg8 29.a3 Be7
30.Rh1 Qb6 31.Rh7 Bc5 32.Rxf7 Bxf2 33.f6 Bxg3 34.Rg7 Rf8 35.Qxg4+ Kb8 36.Qxg3 Qxf6
37.Ka2 a5 38.Rg8 b4 39.cxb4 axb4 40.axb4 Rxg8 41.Qxg8+ Ka7 42.d6  1-0

[Event "Bad Woerishofen op"]
[Site "Bad Woerishofen"]
[Date "1993.??.??"]
[Round "9"]
[White "Zlochevskij, Alexander"]
[Black "Bischoff, Klaus"]
[Result "0-1"]
[WhiteElo "2455"]
[BlackElo "2505"]

1.d4 Nf6 2.Bg5 e6 3.Nc3 h6 4.Bh4 d5 5.Bxf6 Qxf6 6.e4 Bb4 7.e5 Qe7 8.a3 Bxc3+
9.bxc3 c5 10.f4 Nc6 11.Nf3 Bd7 12.Bd3 c4 13.Bf1 g5 14.Qd2 g4 15.Ng1 O-O-O
16.g3 h5 17.h3 f6 18.exf6 Qxf6 19.Be2 Qg7 20.Qe3 Rdg8 21.O-O-O Ne7 22.hxg4 hxg4
23.Rxh8 Qxh8 24.Qf2 Nf5 25.Bf1 Rg6 26.Ne2 Ba4 27.Bg2 Rh6 28.Kd2 Rh2 29.Rg1 Qh7
30.Rc1 b6 31.Qg1 Be8 32.Ke1 Bg6 33.Kd2 Kb7 34.a4 Ka6 35.Ra1 Nxg3 36.Nxg3 Qh3  0-1

[Event "Baden-Baden op"]
[Site "Baden-Baden"]
[Date "1993.??.??"]
[Round "4"]
[White "Vatter, Hans Joachim"]
[Black "Jonsson, Hans"]
[Result "1-0"]
[WhiteElo "2320"]
[BlackElo "2345"]

1.d4 Nf6 2.Bg5 e6 3.Nd2 c5 4.c3 cxd4 5.cxd4 d5 6.e3 Be7 7.Bd3 O-O 8.Ngf3 Nc6
9.O-O Bd7 10.a3 Ne8 11.Bf4 Rc8 12.b4 Nd6 13.Re1 g6 14.Qe2 a5 15.b5 Na7 16.a4 Rc3
17.e4 Nac8 18.e5 Nf5 19.Nf1 b6 20.Bd2 Rc7 21.Ne3 Nxe3 22.Qxe3 f5 23.exf6 Bxf6
24.Qf4 Ne7 25.Qd6 Rc8 26.Bh6 Rf7 27.Rac1 Nf5 28.Bxf5 gxf5 29.Qg3+ Kh8 30.Ne5 Bxe5
31.Qxe5+ Qf6 32.Rxc8+ Bxc8 33.Rc1  1-0

[Event "Oberliga Bayern9394"]
[Site "Bayern"]
[Date "1993.??.??"]
[Round "?"]
[White "Gerer, Josef"]
[Black "Heiling, Thomas"]
[Result "1/2-1/2"]
[WhiteElo "2135"]
[BlackElo "2220"]

1.d4 Nf6 2.Bg5 e6 3.Nd2 d5 4.e3 c5 5.c3 Nc6 6.Ngf3 Be7 7.Bd3 Qc7 8.O-O b6
9.c4 cxd4 10.exd4 dxc4 11.Nxc4 O-O 12.Rc1 Bb7 13.Nce5 Rac8 14.Qa4 Qd6 15.Ba6 Bxa6
16.Qxa6 Nd5 17.Rxc6 Rxc6 18.Nxc6 Bxg5 19.Nxa7 Bh6 20.Qc4 Ra8 21.Nb5 Qb4 22.Qxb4 Nxb4
23.a3 Nd3 24.Rb1 Rc8 25.Nc3 Nxb2 26.Rxb2 Rxc3 27.Kf1  1/2-1/2

[Event "Oberliga Bayern9394"]
[Site "Bayern"]
[Date "1993.??.??"]
[Round "?"]
[White "Gerer, Josef"]
[Black "Kuehn, Manfred"]
[Result "1-0"]
[WhiteElo "2135"]
[BlackElo "2095"]

1.d4 Nf6 2.Bg5 e6 3.Nd2 Be7 4.e3 d6 5.Ngf3 O-O 6.Bd3 Nbd7 7.O-O c5 8.c3 cxd4
9.exd4 b6 10.Re1 Bb7 11.a4 a5 12.Nc4 Ra7 13.Bf4 Qb8 14.h3 Nd5 15.Bg3 Rc8
16.Qe2 Bc6 17.Nfd2 Nf8 18.h4 Rd7 19.Ne4 h6 20.Ne3 Qa8 21.Nxd5 Bxd5 22.f3 f5
23.Nd2 Bf6 24.Nc4 Qb8 25.Ne3 Qa8 26.c4 Bxd4 27.cxd5 Qxd5 28.Bf2 Qb3 29.Rab1 d5
30.Qd1 Qb4 31.Re2 Rdc7 32.g3 g5 33.hxg5 hxg5 34.Kg2 Bf6 35.Ba6 Rd8 36.Rc2 Rh7
37.Bb5 d4 38.Nf1 Qe7 39.Nd2 e5 40.Bd3 Qd7 41.Rbc1 Ne6 42.Rc6 Nc5 43.R1xc5 bxc5
44.Rxf6 e4 45.Bb5 Qg7 46.Bc4+ Kh8 47.Rf7 Qh6 48.Rxh7+ Qxh7 49.Nb3 e3 50.Bxe3 g4
51.Bf4 Qh3+ 52.Kg1 gxf3 53.Be5+ Kh7 54.Qxf3  1-0

[Event "Oberliga Bayern9394"]
[Site "Bayern"]
[Date "1993.??.??"]
[Round "?"]
[White "Giessmann, Stephan"]
[Black "Welch, Andreas"]
[Result "1-0"]
[WhiteElo "2135"]
[BlackElo "1900"]

1.d4 Nf6 2.Bg5 e6 3.e3 Be7 4.Bd3 c5 5.c3 b6 6.Nf3 Bb7 7.O-O h6 8.Bh4 O-O
9.Nbd2 d5 10.Ne5 Nbd7 11.f4 Rc8 12.Qf3 Nxe5 13.fxe5 Nh7 14.Bxe7 Qxe7 15.Qg3 f5
16.exf6 Rxf6 17.Rxf6 Nxf6 18.Rf1 Rf8 19.Nf3 Ne4 20.Bxe4 dxe4 21.Ne5 Rxf1+
22.Kxf1 cxd4 23.cxd4 Qc7 24.Qe1 Qc2 25.Qe2 Qb1+ 26.Kf2 Qxa2 27.Qb5 Qd5 28.Qe8+ Kh7
29.Nf7 Qf5+ 30.Kg1 Qf6 31.Qh8+ Kg6 32.Ne5+ Kg5 33.Qe8 Ba6 34.h3 g6 35.Kh2 Be2
36.Nd7 Qf2 37.Qe7+ Kh5 38.Nf6+ Kh4 39.Nxe4+  1-0

[Event "Oberliga Bayern9394"]
[Site "Bayern"]
[Date "1993.??.??"]
[Round "?"]
[White "Bredl, Harald"]
[Black "Bielczyk, Jacek"]
[Result "1/2-1/2"]
[WhiteElo "2210"]
[BlackElo "2375"]

1.d4 Nf6 2.Bg5 e6 3.Nc3 d5 4.e4 dxe4 5.Nxe4 Be7 6.Bxf6 gxf6 7.Nf3 b6 8.Bb5+ c6
9.Bc4 Qc7 10.Qe2 Nd7 11.O-O-O Bb7 12.Rhe1 O-O-O 13.Ba6 f5 14.Ng3 Bd6 15.Nf1 Nf6
16.g3 c5 17.Ne3 cxd4 18.Bxb7+ Qxb7 19.Rxd4 Bc5 20.Rc4 Kb8 21.Nd2 Ka8 22.Nb3  1/2-1/2

[Event "Ceuta"]
[Site "Ceuta"]
[Date "1993.??.??"]
[Round "1"]
[White "Zlotnik, Boris A"]
[Black "Sion Castro, Marcelino"]
[Result "1/2-1/2"]
[WhiteElo "2445"]
[BlackElo "2385"]

1.d4 Nf6 2.Bg5 e6 3.e4 h6 4.Bxf6 Qxf6 5.Nf3 d6 6.Nc3 g6 7.Qd2 Bg7 8.Be2 a6
9.O-O Nd7 10.Rfe1 O-O 11.Bf1 Qe7 12.g3 b5 13.Bg2 Bb7 14.Qe3 c5 15.Ne2 cxd4
16.Nfxd4 Ne5 17.a4 b4 18.a5 Qc7 19.Qb3 Rab8 20.Ra4 Nc6 21.Rd1 Nxa5 22.Qxb4 Nc6
23.Qd2 Qb6 24.b3 Rfd8 25.Nxc6 Bxc6 26.Ra5 Rbc8 27.Nf4 Bxe4 28.Ra2 Bxg2 29.Nxg2 d5
30.h4 h5 31.Qe2 Qb5 32.Rd3 Rc3 33.Qd1 Rxd3 34.Qxd3 Qxd3 35.cxd3 Rb8 36.Rxa6 Rxb3
37.Nf4 Be5 38.Nh3 Bf6 39.Nf4 d4 40.Kf1 Kg7 41.Ke2 Be5 42.Nh3 Bf6 43.Ra7 e5
44.Ng5 Bxg5 45.hxg5  1/2-1/2

[Event "Ceuta"]
[Site "Ceuta"]
[Date "1993.??.??"]
[Round "2"]
[White "Bellon Lopez, Juan Manuel"]
[Black "Sion Castro, Marcelino"]
[Result "1/2-1/2"]
[WhiteElo "2415"]
[BlackElo "2385"]

1.d4 Nf6 2.Bg5 e6 3.Nf3 h6 4.Bxf6 Qxf6 5.e4 d6 6.Nc3 g6 7.Qd2 Bg7 8.O-O-O a6
9.h4 Nd7 10.e5 dxe5 11.Nxe5 Qe7 12.f4 c5 13.Ne4 cxd4 14.Qxd4 O-O 15.Nd6 Qf6
16.Re1 Rd8 17.c3 Nb8 18.Qd2 Nc6 19.Nxc6 bxc6 20.Rd1 Rd7 21.Bc4 Qd8 22.Rh3 Bf8
23.Rd3 Qxh4 24.g3 Qh3 25.Nxc8 Rxd3 26.Qxd3 Rxc8 27.Qd7 Qxg3 28.Qxc8 Qxf4+
29.Kc2 Qxc4 30.Rd8 Qe2+ 31.Kb3 Qb5+ 32.Kc2 Qe2+ 33.Kc1 Qe1+ 34.Kc2  1/2-1/2

[Event "Ceuta"]
[Site "Ceuta"]
[Date "1993.??.??"]
[Round "6"]
[White "Romero Holmes, Alfonso"]
[Black "Zlotnik, Boris A"]
[Result "1-0"]
[WhiteElo "2440"]
[BlackElo "2445"]

1.d4 Nf6 2.Bg5 e6 3.e4 h6 4.Bxf6 Qxf6 5.Nc3 d6 6.Qd2 a6 7.O-O-O b5 8.e5 Qd8
9.Bd3 b4 10.Ne4 Nc6 11.Nf3 d5 12.Ng3 g6 13.Ne2 h5 14.h4 Bh6 15.Ng5 a5 16.f3 Ba6
17.Bxa6 Rxa6 18.Kb1 Ra8 19.g4 hxg4 20.fxg4 Qe7 21.Nc1 Nb8 22.c4 dxc4 23.Qg2 Ra7
24.d5 Bxg5 25.hxg5 Rf8 26.dxe6 Qxe6 27.Ne2 Qc6 28.Rd5 Nd7 29.Nd4 Qb7 30.Rd1 Ra8
31.Nb5 Nc5 32.Rd7  1-0

[Event "CUB-ch"]
[Site "?"]
[Date "1993.??.??"]
[Round "3"]
[White "Perez, Isael"]
[Black "Diaz, Augusto"]
[Result "1/2-1/2"]
[WhiteElo "2250"]
[BlackElo "2285"]

1.d4 Nf6 2.Bg5 e6 3.e4 Be7 4.Bd3 c5 5.Nf3 cxd4 6.Nxd4 Nc6 7.Nxc6 bxc6 8.O-O d5
9.e5 Nd7 10.Bxe7 Qxe7 11.f4 Qb4 12.Nd2 Qxb2 13.Qg4 g6 14.Rab1 Qd4+ 15.Kh1 Nxe5
16.Qh4 Nxd3 17.Nb3 g5 18.Nxd4 gxh4 19.cxd3 Ba6 20.Rb3 c5 21.Ra3 Bxd3 22.Rxd3 cxd4
23.Rxd4 Ke7 24.Ra4 Rhd8 25.h3 d4 26.Rd1 d3 27.Rd2 Rd7 28.Ra3 Rad8 29.Kg1 Kf6
30.Kf2 Kf5 31.Ke3 f6 32.Ra5+ e5 33.fxe5 fxe5 34.Rf2+ Ke6 35.Rd2 h5 36.Ra6+ Rd6
37.Ra4 Rd4 38.Ra6+ R8d6 39.Rxa7 e4 40.Rh7 R6d5 41.Rh6+ Kd7 42.Rxh5 Kc6 43.Rxh4 Kc5
44.Rxe4 Rxe4+ 45.Kxe4 Kc4 46.Rd1 d2 47.h4 Rd8 48.h5 Re8+ 49.Kf5 Kd3 50.g4 Rf8+
51.Ke6 Rg8 52.Kf5 Rf8+ 53.Ke6 Rg8 54.Kf5 Rf8+ 55.Kg5 Rg8+ 56.Kf4 Rf8+ 57.Kg3 Ke2
58.Rxd2+ Kxd2 59.g5 Ke3 60.h6 Ke4 61.Kg4 Rf1 62.h7 Rg1+ 63.Kh5 Kf5 64.Kh6 Rh1+
65.Kg7 Kxg5 66.a4 Kf5 67.a5 Rg1+ 68.Kf7 Rh1  1/2-1/2

[Event "CUB-ch"]
[Site "?"]
[Date "1993.??.??"]
[Round "5"]
[White "Perez, Isael"]
[Black "Armas, Jorge"]
[Result "0-1"]
[WhiteElo "2250"]
[BlackElo "2455"]

1.d4 Nf6 2.Bg5 e6 3.Nf3 h6 4.Bxf6 Qxf6 5.e4 d6 6.Nc3 Nd7 7.Qd2 a6 8.O-O-O Qd8
9.Kb1 b5 10.h4 Bb7 11.Qe3 Rc8 12.g4 b4 13.Ne2 Nb6 14.d5 exd5 15.exd5+ Be7
16.Nf4 Nc4 17.Qa7 Rb8 18.Re1 O-O 19.Rg1 Ne5 20.Qd4 Bf6 21.Nh5 Kh8 22.Qe4 Re8
23.Re3 Ng6 24.Qc4 Rxe3 25.fxe3 Ne5 26.Qe4 Nxf3 27.Qxf3 Qe7 28.Bd3 Be5 29.Qe4 g6
30.Nf4 Bf6 31.Qxb4 Qxe3 32.Re1 Qb6 33.Qa3 Qd4 34.Rf1 Bxd5 35.c3 Qe3 36.Qxa6 Bxc3
37.b3 Bxb3 38.axb3 Rxb3+ 39.Ka2 Rb2+ 40.Ka3 Qc5+ 41.Ka4 Qb4+  0-1

[Event "CZE Tschechien-ch"]
[Site "?"]
[Date "1993.??.??"]
[Round "2"]
[White "Cech, Pavel"]
[Black "Skyva, Z."]
[Result "1-0"]
[WhiteElo "2315"]
[BlackElo "2070"]

1.d4 Nf6 2.Bg5 e6 3.e4 c5 4.d5 Qb6 5.Nc3 a6 6.Rb1 Qc7 7.Nf3 b5 8.dxe6 dxe6
9.e5 Nfd7 10.Bd3 Bb7 11.O-O Nc6 12.Re1 Be7 13.Bxe7 Kxe7 14.Qd2 h6 15.Qf4 Rhe8
16.Rbd1 Kf8 17.a4 b4 18.Nb1 Ne7 19.Nbd2 Nb6 20.a5 Nbd5 21.Qh4 Nf5 22.Bxf5 exf5
23.Nc4 Re6 24.Nd6 g5 25.Qc4 Nf4 26.Re3 Nxg2 27.Kxg2 g4 28.Nxb7 gxf3+ 29.Rxf3 Qxb7
30.Qxc5+ Kg7 31.Qd5 Qxd5 32.Rxd5 Rae8 33.Rxf5 Kg6 34.Rf4 Rxe5 35.Rxe5 Rxe5
36.Rxb4 Rxa5 37.Rb6+ Kg7 38.b4 Ra2 39.c4 Rc2 40.c5 Rc4 41.Kf3 a5 42.bxa5 Rxc5
43.a6 Ra5 44.Ke3 h5 45.Kd3 Ra2 46.h4 Rxf2 47.a7 Ra2 48.Rb7 Kf6 49.Kc4 Ke6
50.Kc5 f5 51.Kb5 f4 52.Rb6+ Kd5 53.Ra6 Rb2+ 54.Ka5 Kc5 55.Rc6+ Kd5 56.Rc8 Ra2+
57.Kb6 Ke4 58.a8=Q+ Rxa8 59.Rxa8 f3 60.Rf8 Ke3 61.Kc5 f2 62.Kd5 Ke2 63.Ke4 Ke1
64.Rxf2  1-0

[Event "CZE-chT"]
[Site "?"]
[Date "1993.??.??"]
[Round "?"]
[White "Kourek, Josef"]
[Black "Beil, Zdenek"]
[Result "0-1"]
[WhiteElo "2295"]
[BlackElo "2340"]

1.d4 Nf6 2.Bg5 e6 3.Nf3 c5 4.e3 Nc6 5.Nbd2 d5 6.c3 Qb6 7.Qc2 Bd7 8.Be2 Rc8
9.O-O cxd4 10.exd4 Nxd4 11.Nxd4 Qxd4 12.Nb3 Qa4 13.Bf3 Be7 14.Rad1 O-O 15.Rfe1 h6
16.Be3 Bb5 17.Qd2 Ne4 18.Bxe4 dxe4 19.Nd4 Rfd8 20.Bxh6 Rxd4 21.cxd4 gxh6
22.Qxh6 Bd3 23.Rc1 Rc6 24.h4 Qa5 25.Rc3 Bf8 26.Qf4 Bd6 27.Qg4+ Kf8 28.Rec1 Qd5
29.h5 Qxd4 30.Rxc6 bxc6 31.Rxc6 Qe5 32.Rc8+ Ke7 33.Qh4+ f6 34.h6 e3 35.h7 exf2+
36.Kxf2 Qe2+ 37.Kg1 Qf1+  0-1

[Event "Dhaka"]
[Site "Dhaka"]
[Date "1993.??.??"]
[Round "?"]
[White "Hodgson, Julian M"]
[Black "King, Daniel J"]
[Result "1/2-1/2"]
[WhiteElo "2245"]
[BlackElo "2500"]

1.d4 Nf6 2.Bg5 e6 3.Nf3 h6 4.Bh4 c5 5.e3 b6 6.c4 Be7 7.Nc3 cxd4 8.Nxd4 Nc6
9.Nxc6 dxc6 10.Qxd8+ Bxd8 11.O-O-O Bb7 12.Bxf6 Bxf6 13.Ne4 Be7 14.Be2 c5
15.Bf3 Rd8 16.Nf6+  1/2-1/2

[Event "ESP-ch"]
[Site "?"]
[Date "1993.??.??"]
[Round "3"]
[White "Anguix Garrido, Juan Francisco"]
[Black "Comas Fabrego, Luis"]
[Result "0-1"]
[WhiteElo "2340"]
[BlackElo "2435"]

1.d4 Nf6 2.Bg5 e6 3.Nf3 h6 4.Bxf6 Qxf6 5.e4 d6 6.Nc3 Nd7 7.Qd2 c6 8.O-O-O e5
9.dxe5 Nxe5 10.Nd4 g5 11.Kb1 Bg7 12.h4 Bd7 13.h5 b5 14.Nf5 Bxf5 15.exf5 d5
16.f4 gxf4 17.Qxf4 O-O 18.Bd3 Nd7 19.Rdf1 Nc5 20.Qh4 Rfe8 21.Qxf6 Bxf6 22.Rf3 Re5
23.Rhf1 Rae8 24.a3 Kf8 25.Ka2 Ke7 26.Nd1 Kd6 27.Nf2 Rg8 28.g3 a5 29.Rd1 Ree8
30.Bf1 a4 31.Kb1 Ne4 32.Nxe4+ Rxe4 33.Bh3 Rg5 34.g4 Rg8 35.Rg1 Rb8 36.c3 Rbe8
37.Bf1 Re1+ 38.Kc2 Bg5 39.Rg2 Rc1+ 40.Kd3 c5  0-1

[Event "Espoo op"]
[Site "Espoo"]
[Date "1993.??.??"]
[Round "5"]
[White "Puranen, Jukka"]
[Black "Kiik, Kalle"]
[Result "0-1"]
[WhiteElo "2340"]
[BlackElo "2365"]

1.d4 Nf6 2.Bg5 e6 3.e4 h6 4.Bxf6 Qxf6 5.Nf3 d6 6.Nc3 Qe7 7.Qd2 g6 8.O-O-O Bg7
9.h4 a6 10.g3 Nd7 11.Bh3 Nb6 12.Rhe1 O-O 13.Qd3 Bd7 14.Nd2 e5 15.Bxd7 exd4
16.Nd5 Nxd5 17.exd5 Qxd7 18.Nf3 Qa4 19.Qb3 Qa5 20.Re2 Rae8 21.Red2 Re4 22.a3 b6
23.Kb1 Rfe8 24.Ka2 Qc5 25.Rd3 b5 26.Kb1 a5 27.a4 bxa4 28.Qxa4 Qxd5 29.Nxd4 c5
30.Qc6 Qe5 31.f3 Rxd4  0-1

[Event "Farum op"]
[Site "Farum"]
[Date "1993.??.??"]
[Round "5"]
[White "Drill, Frank"]
[Black "Nilsson, Lars Kjoller"]
[Result "1-0"]
[WhiteElo "2200"]
[BlackElo "2260"]

1.d4 Nf6 2.Bg5 e6 3.Nf3 d5 4.e3 Be7 5.Nbd2 O-O 6.Bd3 Nbd7 7.Ne5 h6 8.h4 Re8
9.Rh3 c5 10.c3 Qc7 11.Bf4 Bd6 12.Ndf3 Ne4 13.Qc2 Ndf6 14.g4 cxd4 15.exd4 Nxg4
16.Bxe4 dxe4 17.Qxe4 f5 18.Qe2 b6 19.O-O-O Bb7 20.Rg3 b5 21.Nd2 h5 22.Rdg1 Re7
23.f3 Nf6 24.Bh6 Ne8 25.f4 Nf6 26.Rxg7+ Rxg7 27.Rxg7+ Qxg7 28.Bxg7 Kxg7 29.Qxb5 Bg2
30.Qa6 Ne8 31.Ndc4 Bxe5 32.Nxe5 Kf6 33.Qe2 Bd5 34.Qxh5  1-0

[Event "BL2-O9293"]
[Site "Germany"]
[Date "1993.??.??"]
[Round "?"]
[White "Huemmer, Bernd"]
[Black "Spiess, Gunter"]
[Result "0-1"]
[WhiteElo "2285"]
[BlackElo "2350"]

1.d4 Nf6 2.Bg5 e6 3.e3 c5 4.c3 cxd4 5.exd4 Be7 6.Nf3 O-O 7.Bd3 d6 8.Nbd2 Nbd7
9.O-O Re8 10.Re1 Nf8 11.Nc4 Nd5 12.Bd2 Ng6 13.Ne3 Nxe3 14.Bxe3 Bd7 15.c4 Bf6
16.Qd2 Bc6 17.Ng5 d5 18.c5 Qd7 19.h4 e5 20.Nxh7 Kxh7 21.h5 e4 22.hxg6+ Kxg6
23.Be2 Rh8 24.Bf4 Rh4 25.Qe3 Rah8 26.g4 Rxg4+ 27.Bxg4 Qxg4+ 28.Qg3 Qxg3+
29.Bxg3 Bxd4 30.Rab1 Bxc5 31.b4 Be7 32.b5 Bd7 33.Rec1 Bd8 34.a4 Bg4 35.Rb3 Bf3
36.Rxf3 exf3 37.Rc8 d4 38.Bf4 Kf5 39.Bd2 d3 40.a5 g5 41.a6 bxa6 42.bxa6 Bf6  0-1

[Event "BL2-W9293"]
[Site "Germany"]
[Date "1993.??.??"]
[Round "?"]
[White "Haubt, Georg"]
[Black "Roos, Thomas"]
[Result "0-1"]
[WhiteElo "2220"]
[BlackElo "2280"]

1.d4 Nf6 2.Bg5 e6 3.e4 h6 4.Bxf6 Qxf6 5.e5 Qe7 6.Qd2 d6 7.Nf3 Bd7 8.c4 dxe5
9.dxe5 g5 10.Nc3 Bg7 11.Qe3 g4 12.Nd4 Qg5 13.Qxg5 hxg5 14.O-O-O Bxe5 15.Be2 f5
16.Nb3 Bc6 17.Nc5 Ke7 18.f3 gxf3 19.Bxf3 Bxf3 20.gxf3 b6 21.Nd3 Bxc3 22.bxc3 Nc6
23.Rd2 Rh3 24.Rg1 Kf6 25.Rg3 Rxg3 26.hxg3 Rd8 27.c5 Ne5 28.Nxe5 Rxd2 29.cxb6 cxb6
30.Kxd2 Kxe5 31.Kd3 b5 32.c4 bxc4+ 33.Kxc4 g4 34.fxg4 fxg4 35.Kd3 Kd5  0-1

[Event "Goch op"]
[Site "Goch"]
[Date "1993.??.??"]
[Round "5"]
[White "Disse, H."]
[Black "Helmond, Frans"]
[Result "0-1"]
[WhiteElo "1965"]
[BlackElo "2090"]

1.d4 Nf6 2.Bg5 e6 3.e4 h6 4.Bxf6 Qxf6 5.Nf3 d5 6.e5 Qd8 7.Bd3 c5 8.c3 cxd4
9.cxd4 Qb6 10.Qd2 Nc6 11.a3 Bd7 12.Be2 Na5 13.Qc2 Nb3 14.Ra2 Rc8 15.Nc3 Nxd4
16.Qd1 Nxe2 17.Nxe2 Bb5 18.b4 a5 19.O-O axb4 20.axb4 Be7 21.Qb1 O-O 22.Rd1 Bc4
23.Rb2 Bxe2 24.Rxe2 Rc4 25.Ra2 Rxb4 26.Qd3 Rc8 27.h3 Rb2 28.Rxb2 Qxb2 29.Rd2 Rc1+
30.Kh2 Qb1 31.Qe2 Rh1+ 32.Kg3 Qg6+  0-1

[Event "Groningen op"]
[Site "Groningen"]
[Date "1993.??.??"]
[Round "2"]
[White "Lukasiewicz, Grzegorz"]
[Black "Anastasian, Ashot"]
[Result "1-0"]
[WhiteElo "2350"]
[BlackElo "2530"]

1.d4 Nf6 2.Bg5 e6 3.e4 h6 4.Bxf6 Qxf6 5.Nc3 d6 6.Qd2 Nd7 7.O-O-O a6 8.f4 Qe7
9.Nf3 c5 10.e5 cxd4 11.Ne4 dxe5 12.fxe5 Qb4 13.Qf4 Qa5 14.Kb1 g5 15.Qg3 Bg7
16.Nd6+ Ke7 17.Re1 Nc5 18.Bc4 Bd7 19.Rhf1 Be8 20.h4 b5 21.Bd3 Na4 22.Nxd4 Qb4
23.Nb3 Nxb2 24.Nxe8 Nxd3 25.Qf3 Nxe1 26.Qb7+ Kxe8 27.Qxa8+ Ke7 28.Qb7+ Ke8
29.Rxf7  1-0

[Event "HUN-chT2"]
[Site "HUN"]
[Date "1993.??.??"]
[Round "?"]
[White "Supolo, Jozsef"]
[Black "Farkas, Tibor"]
[Result "0-1"]
[WhiteElo "2250"]
[BlackElo "2370"]

1.d4 Nf6 2.Bg5 e6 3.e4 h6 4.Bxf6 Qxf6 5.Nf3 d6 6.Nc3 Nd7 7.Be2 a6 8.O-O g6
9.Re1 Bg7 10.Bd3 Qe7 11.Qd2 O-O 12.Ne2 e5 13.d5 Nc5 14.Ng3 Nxd3 15.cxd3 f5
16.exf5 gxf5 17.Rac1 f4 18.Ne4 Bg4 19.Kf1 Qf7 20.Ng1 Rfc8 21.Nc3 c5 22.h3 Bd7
23.Qd1 b5 24.Qb3 Rd8 25.Nf3 b4 26.Ne4 Bc8 27.Nfd2 Bb7 28.Nc4 Bf8 29.Qd1 Rab8
30.Qg4+ Kh7 31.Nxc5 dxc5 32.Nxe5 Qf6 33.Nd7 Qg6 34.Nxf8+ Rxf8 35.Rxc5 Qxg4
36.hxg4 Rf7 37.d6 f3 38.gxf3 Bxf3 39.Rc4 Rd8 40.Re3 b3 41.axb3 Rxd6 42.b4 Bc6
43.Ke2 Bb5 44.Rc3 Rd4 45.Rg3 Rb7 46.f3 Rxb4 47.b3 Rd4 48.Rg1 Re7+ 49.Kf2 Rxd3
50.Rxd3 Bxd3 51.f4 Re2+ 52.Kf3 Rb2 53.f5 Rxb3 54.Kf4 a5 55.g5 Rb4+ 56.Ke3 Bxf5
57.gxh6 Kxh6 58.Kd2 Rc4 59.Ra1 a4 60.Ra3 Kg5 61.Rc3 Rb4 62.Ra3 Be6 63.Kc2 Kf4
64.Ra1 Ke5 65.Kc3 Rb3+ 66.Kc2 Bf5+ 67.Kc1 a3 68.Ra2 Rb1+ 69.Kd2 Rb2+  0-1

[Event "HUN-chT"]
[Site "HUN"]
[Date "1993.??.??"]
[Round "?"]
[White "Donka, Peter"]
[Black "Palkovi, Jozsef"]
[Result "0-1"]
[WhiteElo "2215"]
[BlackElo "2405"]

1.d4 Nf6 2.Bg5 e6 3.Nf3 h6 4.Bxf6 Qxf6 5.e4 d6 6.Nc3 Nd7 7.Qd2 c6 8.e5 dxe5
9.Ne4 Qg6 10.Bd3 f5 11.Ng3 e4 12.Nh4 Qf6 13.Be2 Qxh4 14.Bh5+ Kd8 15.Qa5+ b6
16.Qc3 f4 17.Qxc6 fxg3 18.Qxa8 gxf2+ 19.Kf1 Qxh5 20.Qxe4 Bd6 21.Kxf2 Rf8+
22.Ke3 Ba6 23.Kd2 Qg5+ 24.Ke1 Bxh2 25.c4 Bxc4 26.Qc2 Qe3+  0-1